| 000 | 01342nam a2200337 a 4500 | ||
|---|---|---|---|
| 001 | 000048936 | ||
| 005 | 20251113124908.0 | ||
| 008 | 190314s2016 dr 001 0 spa d | ||
| 020 | _a9789945590487 | ||
| 040 |
_aDO-SdBNP _bspa _cBNPHU |
||
| 082 |
_a303.32 _bV715r |
||
| 100 | 1 |
_aVillamán, Marcos _9760 |
|
| 245 | 1 | 0 |
_aRepensar los caminos : _binclusión, ciudadanía y democracia / _cMarcos Villamán ; notas del editor Pedro José Ortega ; prólogo Leopoldo Artiles Gil. |
| 260 |
_aSanto Domingo : _bFUNGLODE, _bInstituto Global de Altos Estudios en Ciencias Sociales, _c2016. |
||
| 300 |
_a380 p. ; _c23 cm. |
||
| 490 | 1 | _aPensamiento Latinoamericano; | |
| 500 | _aIncluye índice de conceptos | ||
| 500 | _aIncluye índice de nombres | ||
| 504 | _aBibliografía: p. 353-367 | ||
| 500 | _aIncluye datos biográficos del autor en las solapas | ||
| 500 | _aIncluye referencias bibliográficas y notas al pie de las páginas | ||
| 590 | _aInventariado, 2019/YL | ||
| 650 | 4 |
_aInclusión social _976372 |
|
| 650 | 0 |
_aDemocracia _9286 |
|
| 650 | 0 |
_aCiudadanía _96372 |
|
| 700 | 1 | 2 |
_aOrtega, Pedro José _eed. _976373 |
| 700 | 1 | 2 |
_aArtiles Gil, Leopoldo _eprol. _911876 |
| 710 | 2 | 2 |
_aFundación Global Democracía y Desarrollo _925477 |
| 830 | 0 |
_aPensamiento Latinoamericano _919223 |
|
| 910 | _aValidado. Control de calidad MFF | ||
| 999 |
_c48424 _d48424 |
||